000 00690nam a2200289Ia 4500
005 20260324144726.0
008 008 260324s9999 xx 000 0 eng d
020 _a9781003312130
037 _aEBOOK
040 _aCRL
040 _beng
040 _cCRL
041 _2eng
041 _aeng
084 _qCRL
100 _aPeter Duignan; Robert H. Jackson
_91220379
245 0 _aPolitics and Government in African States
245 0 _b1960 - 1985
260 _bTaylor and Francis
260 _c1986
365 _a
365 _b230
856 _uhttp://www.taylorfrancis.com/books/9781003312130
942 _cEBOOK
999 _c1827349
_d1827349